[Event "European Rapid 2011"]
[Site "Warsaw POL"]
[Date "2011.12.18"]
[Round "11"]
[White "Sadzikowski, Daniel"]
[Black "Mista, Aleksander"]
[Result "0-1"]
[WhiteTitle "FM"]
[BlackTitle "GM"]
[WhiteElo "2380"]
[BlackElo "2587"]
[WhiteFideId "1132253"]
[BlackFideId "1110381"]
[EventDate "2011.12.17"]

1. e4 c5 2. Nf3 Nc6 3. d4 cxd4 4. Nxd4 Nf6 5. Nc3 e5 6. Ndb5 d6 7. Bg5 a6 8. Na3
b5 9. Nd5 Be7 10. Bxf6 Bxf6 11. c3 Bg5 12. Nc2 Ne7 13. Ncb4 O-O 14. Nxe7+ Qxe7
15. Nd5 Qb7 16. Bd3 Be6 17. Bc2 Rac8 18. Bb3 Kh8 19. O-O f5 20. exf5 Bxf5 21.
Qh5 Bh6 22. Rad1 a5 23. Qe2 b4 24. cxb4 axb4 25. Ne3 Bd7 26. Rfe1 Bb5 27. Qh5
Qb6 28. Ng4 Be8 29. Qh4 Rf4 30. g3 Rf5 31. Ne3 Bxe3 32. fxe3 Rf8 33. Qg5 Bg6 34.
Rf1 Be4 35. Rxf8+ Rxf8 36. Rf1 Rxf1+ 37. Kxf1 h6 38. Qe7 d5 39. Kf2 Qb8 40. Ke1
Qc8 41. Kd2 Qh3 42. Qf8+ Kh7 43. Qf2 Qc8 44. Qf7 Qa6 45. Bc2 Bxc2 46. Kxc2 Qe2+
47. Kb3 Qc4+ 48. Ka4 b3+ 49. Ka3 bxa2 50. Qf5+ Kg8 51. Qe6+ Kh8 0-1

[Event "European Rapid 2011"]
[Site "Warsaw POL"]
[Date "2011.12.18"]
[Round "11"]
[White "Bryzgalin, Kirill"]
[Black "Ruck, Robert"]
[Result "1-0"]
[WhiteTitle "GM"]
[BlackTitle "GM"]
[WhiteElo "2467"]
[BlackElo "2579"]
[WhiteFideId "4133285"]
[BlackFideId "705713"]
[EventDate "2011.12.17"]

1. d4 Nf6 2. Nf3 g6 3. Bg5 Bg7 4. Nbd2 O-O 5. c3 d5 6. e3 Nbd7 7. Be2 c5 8. O-O
b6 9. Bh4 Bb7 10. Re1 Bc6 11. Ne5 Nxe5 12. dxe5 Ne8 13. f4 f6 14. Nf3 Nc7 15.
Bd3 Qd7 16. Qc2 fxe5 17. Nxe5 Bxe5 18. fxe5 Qe6 19. Qd2 Rf7 20. Bg3 Raf8 21. h3
Ne8 22. Rf1 Nc7 23. Rfd1 Ba4 24. Re1 Bb5 25. Bc2 Bc4 26. b3 Bb5 27. Rad1 Bc6 28.
Bd3 Bb5 29. Bc2 Ba6 30. e4 Bb7 31. exd5 Bxd5 32. c4 Bc6 33. Qe2 a5 34. a4 Na6
35. Bb1 Nc7 36. Rd2 Qc8 37. e6 Rf6 38. Be5 Rxe6 39. Qe3 Ne8 40. Qg5 Nd6 41. Qg3
Qe8 42. Rde2 Qf7 43. Kh2 Ne8 44. Bd3 Nf6 45. Bf5 Nh5 46. Bxe6 Qxe6 47. Qe3 Rf7
48. Rf2 Rxf2 49. Qxf2 Bb7 50. Kg1 Qc6 51. Qd2 h6 52. Rf1 Kh7 53. Rf7+ Kg8 54.
Rxe7 1-0

[Event "European Rapid 2011"]
[Site "Warsaw POL"]
[Date "2011.12.18"]
[Round "11"]
[White "Potkin, Vladimir"]
[Black "Zambo, Zoltan"]
[Result "1-0"]
[WhiteTitle "GM"]
[BlackTitle "FM"]
[WhiteElo "2684"]
[BlackElo "2389"]
[WhiteFideId "4131061"]
[BlackFideId "722146"]
[EventDate "2011.12.17"]

1. c4 Nf6 2. Nc3 c6 3. e4 d6 4. d4 e5 5. Nf3 Nbd7 6. Be2 Be7 7. O-O O-O 8. Qc2
Re8 9. d5 a5 10. Be3 Nf8 11. Rfd1 c5 12. a3 Bd7 13. b4 axb4 14. axb4 cxb4 15.
Nb5 Rc8 16. Na7 Ra8 17. Nd2 Qc7 18. Qb3 Nxe4 19. Nxe4 f5 20. Nxd6 Qxd6 21. c5
Qg6 22. d6+ Be6 23. Bc4 Bh4 24. Nb5 Rxa1 25. Rxa1 f4 26. Bd2 Bd8 27. Re1 Nd7 28.
Bxb4 Kf7 29. f3 Bh4 30. Ra1 e4 31. Bxe6+ Qxe6 32. Qxe6+ Rxe6 33. Ra7 exf3 34.
gxf3 Rg6+ 35. Kf1 Ne5 36. Rxb7+ Ke6 37. Nc7+ Kf5 38. Nd5 Re6 39. Rxg7 Nxf3 40.
Rf7+ Ke4 41. Rxf4+ Kxd5 42. Rxf3 Kc6 43. Rf7 Re4 44. Rc7+ Kb5 45. Rb7+ Kc6 46.
Rb6+ Kd7 47. c6+ Ke6 48. d7 Rc4 49. Ba5 Ra4 50. Rb5 Kd6 51. c7 Rf4+ 52. Kg2 Kxd7
53. Rd5+ Ke6 54. Rc5 1-0

[Event "European Rapid 2011"]
[Site "Warsaw POL"]
[Date "2011.12.18"]
[Round "11"]
[White "Nurkiewicz, Maciej"]
[Black "Belov, Vladimir"]
[Result "1/2-1/2"]
[BlackTitle "GM"]
[WhiteElo "2407"]
[BlackElo "2641"]
[WhiteFideId "1107046"]
[BlackFideId "4132394"]
[EventDate "2011.12.17"]

1. e4 e5 2. Nf3 Nc6 3. d4 exd4 4. Nxd4 Bc5 5. Be3 Qf6 6. c3 Nge7 7. Bc4 Ne5 8.
Be2 Qg6 9. O-O d6 10. Kh1 O-O 11. Nd2 Ng4 12. Bf4 Qf6 13. Bg3 h5 14. h3 h4 15.
Bxg4 hxg3 16. fxg3 Qe5 17. Bxc8 Raxc8 18. Qg4 Bxd4 19. Nf3 Qe6 20. Qxe6 fxe6 21.
cxd4 c5 22. dxc5 dxc5 23. Rfd1 Nc6 24. Rd7 Rf7 25. Rad1 Rc7 26. Rxc7 Rxc7 27.
Rd6 Kf7 28. Ng5+ Kf6 29. h4 Nd4 30. Rd8 Ke5 31. Kg1 b5 32. Kf2 a5 33. Ke3 Nc2+
34. Kd2 Nd4 35. Ke3 Nc2+ 36. Kd2 Nd4 37. Ke3 Nc2+ 38. Kd2 1/2-1/2

[Event "European Rapid 2011"]
[Site "Warsaw POL"]
[Date "2011.12.18"]
[Round "11"]
[White "Markowski, Tomasz"]
[Black "Mickiewicz, Piotr"]
[Result "1-0"]
[WhiteTitle "GM"]
[WhiteElo "2606"]
[BlackElo "2373"]
[WhiteFideId "1105680"]
[BlackFideId "1114891"]
[EventDate "2011.12.17"]

1. d4 Nf6 2. c4 g6 3. Nc3 Bg7 4. g3 O-O 5. Bg2 d6 6. Nf3 Nc6 7. O-O Bg4 8. d5
Na5 9. Nd2 c5 10. Qc2 a6 11. h3 Bd7 12. b3 b5 13. Rb1 Rb8 14. Bb2 Qc7 15. e4 Nh5
16. Ne2 Bxb2 17. Rxb2 bxc4 18. bxc4 Rb4 19. a3 Ba4 20. Qc3 Rxb2 21. Qxb2 Rb8 22.
Qc3 Nb3 23. Nf3 Nf6 24. e5 Nd7 25. e6 fxe6 26. dxe6 Nf6 27. Nf4 Bc6 28. Rb1 Bxf3
29. Rxb3 Bxg2 30. Kxg2 Qc6+ 31. Nd5 Rf8 32. Qd3 Nxd5 33. cxd5 Qa8 34. Rb6 Rf5
35. Rc6 Qb7 36. g4 Rf4 37. Qc3 Rf6 38. Qe3 a5 39. a4 Qb4 40. Rxd6 c4 41. Rd8+
Kg7 42. Rd7 Kf8 43. d6 Qb3 44. Qe4 Qd3 1-0

[Event "European Rapid 2011"]
[Site "Warsaw POL"]
[Date "2011.12.18"]
[Round "11"]
[White "Dziuba, Marcin"]
[Black "Nikologorskiy, Konstantin"]
[Result "1/2-1/2"]
[WhiteTitle "GM"]
[BlackTitle "FM"]
[WhiteElo "2589"]
[BlackElo "2336"]
[WhiteFideId "1112953"]
[BlackFideId "24111708"]
[EventDate "2011.12.17"]

1. d4 d5 2. c4 c6 3. Nf3 Nf6 4. e3 a6 5. Bd3 b5 6. b3 Bg4 7. Nbd2 e6 8. O-O Bd6
9. Qc2 Bxf3 10. Nxf3 Nbd7 11. cxd5 cxd5 12. a4 b4 13. a5 O-O 14. Bd2 Rc8 15. Qa2
Nb8 16. Qa4 Qe7 17. Rfc1 Ne4 18. Bxe4 dxe4 19. Ne5 Rfd8 20. Nc4 Nd7 21. Nxd6
Qxd6 22. Bxb4 Qd5 23. Be7 Re8 24. Rc4 Rb8 25. Bc5 Rb5 26. Rac1 h5 27. b4 h4 28.
h3 e5 29. Qd1 Nf6 30. dxe5 Qxe5 31. Rd4 Rb7 32. Rd6 Re6 33. Rd8+ Kh7 34. Bd4 Qh5
35. Qd2 Rd7 36. Rxd7 Nxd7 37. Bxg7 Rg6 38. Qxd7 Qf3 39. Qg4 Rxg4 40. hxg4 Qxg4
41. Be5 Qg5 42. Rc5 Qd8 43. Bd4 Qb8 44. Bc3 Qd6 45. Rh5+ Kg6 46. Rxh4 Qd1+ 47.
Kh2 Qc2 48. Bd4 f5 49. Rf4 Kg5 50. Bc5 Qe2 51. Kh3 Qf1 52. Kg3 Qb1 53. Rh4 Qb2
54. Bd6 Kg6 55. Bf4 Qe2 56. Rh6+ Kg7 57. Rd6 Qg4+ 58. Kh2 Qh5+ 59. Kg1 Qe2 60.
Be5+ Kh7 61. Bg3 Qe1+ 62. Kh2 Qe2 63. Be5 Qxf2 64. Bf4 Qh4+ 65. Kg1 Qe1+ 66. Kh2
Qh4+ 67. Kg1 Qe1+ 68. Kh2 Qe2 69. Rb6 Qh5+ 70. Kg3 Qe2 71. Rb7+ Kg6 72. Rb6+ Kh7
73. b5 axb5 74. a6 Qe1+ 75. Kh3 Qh1+ 76. Bh2 Qd1 77. Bf4 Qg4+ 78. Kh2 Qh4+ 79.
Kg1 1/2-1/2

[Event "European Rapid 2011"]
[Site "Warsaw POL"]
[Date "2011.12.18"]
[Round "11"]
[White "Czerwonski, Aleksander"]
[Black "Fedorov, Alexei"]
[Result "0-1"]
[WhiteTitle "IM"]
[BlackTitle "GM"]
[WhiteElo "2371"]
[BlackElo "2579"]
[WhiteFideId "1100459"]
[BlackFideId "13500465"]
[EventDate "2011.12.17"]

1. d4 Nf6 2. c4 g6 3. Nc3 Bg7 4. e4 d6 5. f3 O-O 6. Be3 Nc6 7. Nge2 a6 8. Qd2
Bd7 9. h4 h5 10. Bh6 b5 11. g4 bxc4 12. O-O-O Kh7 13. Bxg7 Kxg7 14. e5 dxe5 15.
g5 Ng8 16. dxe5 Bf5 17. Qe3 Qb8 18. Ng3 Be6 19. f4 Qb6 20. Qe4 Rfd8 21. f5 gxf5
22. Nxh5+ Kh8 23. Qf4 Rxd1+ 24. Nxd1 Rd8 25. Be2 Qa5 26. Nc3 Qxe5 27. Qxe5+ Nxe5
28. Nf4 Bc8 29. Rh3 Rd4 30. Re3 Ng4 31. Bxg4 Rxf4 32. Be2 Rxh4 33. Nd5 f4 34.
Re4 Bb7 35. Rd4 Rh1+ 36. Kc2 e5 37. Rd2 Rg1 38. Bxc4 Rxg5 39. Nxc7 Be4+ 40. Kc3
Bg6 41. Nxa6 Nf6 42. Rh2+ Kg7 43. Nc5 f3 44. Rf2 e4 45. b4 Ng4 46. Rb2 e3 47. a4
Ne5 48. Bb5 f2 49. Be2 Bh5 50. Bf1 Rg1 0-1

[Event "European Rapid 2011"]
[Site "Warsaw POL"]
[Date "2011.12.18"]
[Round "11"]
[White "Moranda, Wojciech"]
[Black "Matuszewski, Michal"]
[Result "1-0"]
[WhiteTitle "GM"]
[WhiteElo "2568"]
[BlackElo "2335"]
[WhiteFideId "1122401"]
[BlackFideId "1129775"]
[EventDate "2011.12.17"]

1. d4 Nf6 2. c4 e6 3. Nf3 b6 4. g3 Ba6 5. Qc2 c6 6. e4 d5 7. cxd5 Bxf1 8. Kxf1
cxd5 9. e5 Nfd7 10. Kg2 Be7 11. Nc3 O-O 12. h4 f6 13. exf6 Nxf6 14. Ng5 Qc8 15.
Qe2 Nc6 16. Qxe6+ Kh8 17. Qxc8 Raxc8 18. Be3 Na5 19. Ne6 Rfe8 20. Nf4 Red8 21.
Rad1 Nc4 22. Bc1 Bb4 23. Nce2 Kg8 24. Nd3 Bf8 25. Bg5 Re8 26. Nef4 Ne4 27. Nxd5
Nxg5 28. hxg5 Rcd8 29. N5f4 Rxd4 30. b3 Nd6 31. Rhe1 Rde4 32. Rxe4 Rxe4 33. Rc1
Be7 34. g6 hxg6 35. Nxg6 Bf6 36. Rc7 a5 37. Ndf4 Rd4 38. Ra7 Nb5 39. Rb7 Nc3 40.
a4 Rd2 41. Rb8+ Bd8 42. Ne5 Rd6 43. Nc4 1-0

[Event "European Rapid 2011"]
[Site "Warsaw POL"]
[Date "2011.12.18"]
[Round "11"]
[White "Krzyzanowski, Marcin"]
[Black "Nyzhnyk, Illya"]
[Result "1/2-1/2"]
[BlackTitle "GM"]
[WhiteElo "2375"]
[BlackElo "2562"]
[WhiteFideId "1132199"]
[BlackFideId "14118084"]
[EventDate "2011.12.17"]

1. e4 e6 2. d4 d5 3. Nc3 Nf6 4. Bg5 dxe4 5. Nxe4 Nbd7 6. Nf3 h6 7. Nxf6+ Nxf6 8.
Bh4 c5 9. c3 cxd4 10. Qxd4 Qxd4 11. Nxd4 a6 12. Be2 Bd7 13. O-O Be7 14. Bf3
O-O-O 15. Rfe1 Rhe8 16. Bg3 Bc5 17. Nb3 Bb6 18. c4 Bc6 19. Bxc6 bxc6 20. Rac1
Rd3 21. c5 Bc7 22. Bxc7 Kxc7 23. Na5 Rb8 24. Nc4 Nd7 25. a3 Nxc5 26. Na5 Rd5 27.
b4 Nd3 28. Nxc6 Nxc1 29. Rxc1 Rbb5 30. Ne7+ Kb7 31. Nxd5 Rxd5 32. Kf1 Rd3 33. a4
Rd4 34. Rb1 Rd2 35. Rc1 Ra2 36. a5 Rd2 37. Rc4 e5 38. h4 Rd4 39. Rc5 Rxb4 40.
Rxe5 Kc6 41. h5 Kd6 42. Rf5 f6 43. Ke2 Kc6 44. Kd3 Kd6 45. Kc3 Ra4 46. f3 Ra2
47. g3 Ra4 48. g4 Ra1 49. Kc4 Ra4+ 50. Kc3 Ra1 51. Kc4 Rc1+ 52. Kd4 Rd1+ 53. Kc4
Rc1+ 54. Kd4 Rd1+ 55. Kc4 1/2-1/2

[Event "European Rapid 2011"]
[Site "Warsaw POL"]
[Date "2011.12.18"]
[Round "11"]
[White "Zawadzka, Jolanta"]
[Black "Podolchenko, Evgeniy"]
[Result "0-1"]
[WhiteTitle "WGM"]
[BlackTitle "GM"]
[WhiteElo "2326"]
[BlackElo "2484"]
[WhiteFideId "1122320"]
[BlackFideId "13504134"]
[EventDate "2011.12.17"]

1. e4 e6 2. d4 d5 3. Nc3 Nf6 4. e5 Nfd7 5. f4 c5 6. Nf3 Nc6 7. Be3 Qb6 8. Qd2
cxd4 9. Nxd4 Qxb2 10. Rb1 Qa3 11. Bb5 Nxd4 12. Bxd4 Bb4 13. O-O a6 14. Bxd7+
Bxd7 15. Rb3 Qa5 16. Rfb1 Bc5 17. Rxb7 Bc8 18. R7b3 O-O 19. Qf2 Bxd4 20. Qxd4
Bd7 21. Nd1 Qd8 0-1

[Event "European Rapid 2011"]
[Site "Warsaw POL"]
[Date "2011.12.18"]
[Round "11"]
[White "Berzina, Ilze"]
[Black "Kanarek, Marcel"]
[Result "0-1"]
[WhiteTitle "WGM"]
[BlackTitle "IM"]
[WhiteElo "2320"]
[BlackElo "2467"]
[WhiteFideId "11601345"]
[BlackFideId "1126822"]
[EventDate "2011.12.17"]

1. e4 c5 2. Nf3 Nc6 3. Bb5 e6 4. Bxc6 bxc6 5. d3 Ne7 6. O-O Ng6 7. Nbd2 Be7 8.
Qe2 d5 9. Nb3 f6 10. Be3 c4 11. dxc4 dxe4 12. Nfd4 Qc7 13. Nd2 e5 14. N4b3 f5
15. Bc5 O-O 16. Bxe7 Qxe7 17. Qe3 Nf4 18. f3 Qg5 0-1

[Event "European Rapid 2011"]
[Site "Warsaw POL"]
[Date "2011.12.18"]
[Round "11"]
[White "Rogule, Laura"]
[Black "Leniart, Arkadiusz"]
[Result "1/2-1/2"]
[WhiteTitle "WGM"]
[BlackTitle "IM"]
[WhiteElo "2312"]
[BlackElo "2455"]
[WhiteFideId "11601876"]
[BlackFideId "1124226"]
[EventDate "2011.12.17"]

1. c4 e5 2. Nc3 Nf6 3. g3 d5 4. cxd5 Nxd5 5. Bg2 Nb6 6. Nf3 Nc6 7. O-O Bd6 8. d4
O-O 9. d5 Ne7 10. e4 Bd7 11. b3 c6 12. Be3 cxd5 13. exd5 Bb4 14. Bxb6 axb6 15.
Ne4 Bb5 16. Nxe5 Bxf1 17. Qxf1 Rc8 18. Rd1 Rc2 19. Qb5 Bc5 20. Nd7 Re8 21. Ndf6+
gxf6 22. Nxf6+ Kf8 23. d6 Nc6 24. Nxe8 Rxf2 25. Kh1 Qxe8 26. d7 Qd8 27. b4 Nxb4
28. Re1 Be7 29. Rxe7 Qxe7 30. Qxb4 Qxb4 31. d8=Q+ Kg7 32. Qg5+ Kf8 1/2-1/2

[Event "European Rapid 2011"]
[Site "Warsaw POL"]
[Date "2011.12.18"]
[Round "11"]
[White "Bartel, Michal"]
[Black "Rajlich, Iweta"]
[Result "1/2-1/2"]
[WhiteTitle "FM"]
[BlackTitle "IM"]
[WhiteElo "2302"]
[BlackElo "2428"]
[WhiteFideId "1119257"]
[BlackFideId "1108166"]
[EventDate "2011.12.17"]

1. e4 e6 2. d4 d5 3. Nc3 Bb4 4. e5 c5 5. Bd2 Ne7 6. Nb5 Bxd2+ 7. Qxd2 O-O 8. c3
b6 9. Nd6 f5 10. Nf3 Bd7 11. Bd3 Nbc6 12. h4 Nc8 13. Nxc8 Rxc8 14. Rh3 Qe7 15.
Kf1 cxd4 16. cxd4 Nb4 17. Kg1 Nxd3 18. Qxd3 Qb4 19. Rb1 Bb5 20. Qd1 h6 21. Rg3
Be8 22. a3 Qe7 23. Qd2 f4 24. Rg4 Bh5 25. Rxf4 Bxf3 26. gxf3 Rxf4 27. Qxf4 Rc2
28. Kg2 Qf7 29. Qg4 h5 30. Qg5 Kh7 31. Rc1 Rxc1 32. Qxc1 Qg6+ 33. Kh2 Qd3 34.
Qe3 Qf1 35. f4 Kg6 36. Qf3 Kf5 37. Qxh5+ Ke4 38. Qg6+ Kxd4 39. Qc2 g6 40. Qc3+
Ke4 41. Qe3+ Kf5 42. Qf3 d4 43. Kg3 Qg1+ 44. Kh3 Qf1+ 45. Kg3 Qg1+ 46. Kh3 Qf1+
47. Kg3 Qg1+ 1/2-1/2

[Event "European Rapid 2011"]
[Site "Warsaw POL"]
[Date "2011.12.18"]
[Round "11"]
[White "Warszawski, Bartosz"]
[Black "Akesson, Ralf"]
[Result "0-1"]
[BlackTitle "GM"]
[WhiteElo "2278"]
[BlackElo "2421"]
[WhiteFideId "1110799"]
[BlackFideId "1700120"]
[EventDate "2011.12.17"]

1. e4 c5 2. Nf3 e6 3. d4 cxd4 4. Nxd4 a6 5. Nc3 b5 6. Bd3 Qb6 7. Nf3 Nc6 8. Qe2
d6 9. Be3 Qc7 10. Nd4 Bb7 11. a4 b4 12. Na2 Nf6 13. f3 d5 14. c3 dxe4 15. Bxe4
Nxe4 16. fxe4 Bd6 17. Nxc6 Qxc6 18. Bd4 e5 19. Bf2 b3 20. Nc1 Qxe4 21. Qxe4 Bxe4
22. Nxb3 Bxg2 23. Rg1 Be4 24. O-O-O Be7 25. Nc5 Bg6 26. Rde1 f6 27. Ne6 Rc8 28.
h4 Kf7 29. Nxg7 Kxg7 30. h5 Rc4 31. hxg6 hxg6 32. a5 Ra4 33. Bb6 Rh2 34. Kb1 g5
35. Rd1 f5 36. Rd7 Kf6 37. Ra7 f4 38. Rxa6 Kf5 39. Bc7 f3 40. Re1 f2 41. Rf1 g4 0-1

[Event "European Rapid 2011"]
[Site "Warsaw POL"]
[Date "2011.12.18"]
[Round "11"]
[White "Berzinsh, Roland"]
[Black "Wandzik, Wojciech"]
[Result "1-0"]
[WhiteTitle "IM"]
[WhiteElo "2417"]
[BlackElo "2239"]
[WhiteFideId "11600357"]
[BlackFideId "1138910"]
[EventDate "2011.12.17"]

1. e4 c5 2. Nf3 e6 3. c3 d5 4. exd5 exd5 5. d4 Nf6 6. Bb5+ Nc6 7. O-O Be7 8.
dxc5 Bxc5 9. Nbd2 O-O 10. Nb3 Bb6 11. h3 Ne4 12. Nbd4 Qf6 13. Be3 Rd8 14. Bd3 h6
15. Re1 Bc7 16. Bc2 Be6 17. Qd3 Ne5 18. Nxe5 Qxe5 19. Nf3 Qf6 20. Bd4 Qg6 21.
Be5 Bb6 22. Nd4 Re8 23. Bh2 Bf5 24. Qe3 Nd6 25. Qxe8+ Rxe8 26. Rxe8+ Nxe8 27.
Bxf5 Qf6 28. Re1 Kf8 29. Bd7 Nc7 30. Bxc7 Kg8 31. Re8+ Kh7 32. Bf5+ g6 33. Be5 1-0

[Event "European Rapid 2011"]
[Site "Warsaw POL"]
[Date "2011.12.18"]
[Round "11"]
[White "Ladva, Ottomar"]
[Black "Fraczek, Daniel"]
[Result "1-0"]
[BlackTitle "FM"]
[WhiteElo "2106"]
[BlackElo "2412"]
[WhiteFideId "4500024"]
[BlackFideId "1124285"]
[EventDate "2011.12.17"]

1. e4 e6 2. d4 d5 3. Nc3 Nf6 4. e5 Nfd7 5. f4 c5 6. Nf3 Nc6 7. Be3 a6 8. Qd2
cxd4 9. Nxd4 Bc5 10. Qf2 Nxd4 11. Bxd4 Qc7 12. Bd3 b5 13. O-O Bb7 14. a4 b4 15.
Ne2 O-O 16. a5 Rab8 17. Kh1 Bxd4 18. Qxd4 Qc5 19. Qxc5 Nxc5 20. Nd4 f6 21. Rae1
Rbe8 22. Re3 Bc8 23. Kg1 Bd7 24. g3 Rc8 25. Rfe1 f5 26. Bf1 Ra8 27. c4 bxc3 28.
Rxc3 Ne4 29. Rc7 Rf7 30. Rec1 h6 31. Rb7 g5 32. Rcc7 Rd8 33. Bxa6 gxf4 34. Bb5
fxg3 35. Rxd7 Rfxd7 36. Rxd7 gxh2+ 37. Kxh2 Ra8 38. b4 Nc3 39. Bc6 Rb8 40. a6 1-0

[Event "European Rapid 2011"]
[Site "Warsaw POL"]
[Date "2011.12.18"]
[Round "11"]
[White "Pedzich, Dominik"]
[Black "Poznanska, Katarzyna"]
[Result "1-0"]
[WhiteTitle "IM"]
[WhiteElo "2409"]
[BlackElo "2077"]
[WhiteFideId "1100130"]
[BlackFideId "1122649"]
[EventDate "2011.12.17"]

1. e4 c5 2. Nf3 e6 3. b3 a6 4. Bb2 Nc6 5. Qe2 d6 6. g3 Nf6 7. Bg2 e5 8. c3 Bg4
9. h3 Bxf3 10. Qxf3 Be7 11. Na3 b5 12. Nc2 Rc8 13. Ne3 O-O 14. O-O g6 15. Qe2
Re8 16. Kh2 Bf8 17. Qd3 Nh5 18. a4 b4 19. Qxa6 Bh6 20. Qd3 bxc3 21. Bxc3 Bxe3
22. dxe3 Nf6 23. Rfd1 Re6 24. a5 Nd7 25. Qb5 h5 26. Rd2 h4 27. g4 Kh7 28. Rad1
Ndb8 29. f4 exf4 30. exf4 Nd4 31. Bxd4 cxd4 32. Rxd4 Qf6 33. Qf1 Rc2 34. g5 Qd8
35. Qe1 Nc6 36. Rd5 Qb8 37. Qxh4+ Kg8 38. e5 Qxb3 39. R5d2 Rxd2 40. Rxd2 Nxa5
41. Qf2 dxe5 42. Bd5 Re8 43. Bxb3 1-0

[Event "European Rapid 2011"]
[Site "Warsaw POL"]
[Date "2011.12.18"]
[Round "11"]
[White "Gondzik, Dawid"]
[Black "Poetsch, Hagen"]
[Result "0-1"]
[BlackTitle "IM"]
[WhiteElo "2055"]
[BlackElo "2408"]
[WhiteFideId "1127756"]
[BlackFideId "24615137"]
[EventDate "2011.12.17"]

1. d4 Nf6 2. c4 e6 3. Nc3 Bb4 4. Qc2 O-O 5. a3 Bxc3+ 6. Qxc3 b6 7. Bg5 Bb7 8. f3
d6 9. e3 Nbd7 10. Bd3 c5 11. Ne2 Rc8 12. Qd2 Qc7 13. O-O h6 14. Bh4 Qb8 15. Rac1
cxd4 16. exd4 d5 17. cxd5 Nxd5 18. Bg3 Qa8 19. Nc3 Rfd8 20. Nb5 Ba6 21. Nd6 Bxd3
22. Qxd3 Rc6 23. Qb5 Nb8 24. Ne4 Rdc8 25. Rxc6 Nxc6 26. Bf2 Na5 27. Nd6 Rc6 28.
Bg3 a6 29. Qd3 b5 30. Ne4 Nc4 31. b4 a5 32. Nd2 axb4 0-1

[Event "European Rapid 2011"]
[Site "Warsaw POL"]
[Date "2011.12.18"]
[Round "11"]
[White "Swiercz, Dariusz"]
[Black "Zochowski, Kacper"]
[Result "1-0"]
[WhiteTitle "GM"]
[WhiteElo "2584"]
[BlackElo "2048"]
[WhiteFideId "1126881"]
[BlackFideId "1125494"]
[EventDate "2011.12.17"]

1. Nf3 d5 2. d4 Nf6 3. c4 e6 4. Nc3 Bb4 5. e3 O-O 6. Bd3 b6 7. O-O Bxc3 8. bxc3
Bb7 9. cxd5 exd5 10. Ba3 Re8 11. Nd2 Nbd7 12. Rb1 Ne4 13. Nxe4 dxe4 14. Be2 Re6
15. c4 Rh6 16. Rb5 Ba6 17. Rf5 Qh4 18. h3 Nf6 19. Be7 Bc8 20. Bxf6 gxf6 21. Rf4
Qg5 22. Kh2 Rg6 23. g3 Rh6 24. h4 Qg6 25. Qa4 f5 26. Qe8+ Kg7 27. Qe5+ Qf6 28.
Qxc7 Ba6 29. Qd7 Qe6 30. Qa4 Bc8 31. Rb1 Bd7 32. Qa3 Rf6 33. Rc1 a6 34. c5 b5
35. Bd1 Bc6 36. Bb3 Bd5 37. c6 Rc8 38. Rc5 Bxb3 39. axb3 Kg6 40. b4 Qd6 41. d5
Ra8 42. Qa5 h5 43. Rxb5 Rd8 44. Rc5 Rb8 45. c7 Rc8 46. Kg2 Qd7 47. d6 Qxd6 48.
Rcxf5 1-0

[Event "European Rapid 2011"]
[Site "Warsaw POL"]
[Date "2011.12.18"]
[Round "11"]
[White "Tarasova, Viktoriya"]
[Black "Shimanov, Aleksandr"]
[Result "0-1"]
[WhiteTitle "WIM"]
[BlackTitle "GM"]
[WhiteElo "2294"]
[BlackElo "2549"]
[WhiteFideId "4175840"]
[BlackFideId "4198603"]
[EventDate "2011.12.17"]

1. d4 Nf6 2. c4 g6 3. Nc3 Bg7 4. e4 O-O 5. f4 d6 6. Nf3 Na6 7. Bd3 e5 8. fxe5
dxe5 9. d5 c5 10. O-O Ne8 11. a3 Nd6 12. Qe2 Bd7 13. Rb1 Rc8 14. Kh1 Qe8 15. Bd2
f5 16. b4 b6 17. b5 Nc7 18. a4 f4 19. a5 Qe7 20. axb6 axb6 21. Ra1 g5 22. Ra7 g4
23. Ng1 Qd8 24. Bc2 Ra8 25. Rxa8 Nxa8 26. Na4 Qe8 27. Nb2 Qh5 28. Bd3 Nc7 29.
Na4 Na8 30. Nc3 Rf6 31. Be1 Nc7 32. Na4 Na8 33. Nc3 Nf7 34. g3 Nc7 35. Qg2 Qg5
36. Bd2 h5 37. Be1 Ne8 38. Na4 Bh6 39. Qd2 Qg7 40. Qb2 Qg5 41. Qd2 Bf8 42. Ne2
f3 43. Qxg5+ Nxg5 44. Nec3 Nh3 45. Nd1 h4 46. gxh4 Nf4 47. Bc2 Ng7 48. Bg3 Ngh5
49. Bxf4 Nxf4 50. Nf2 Ne2 51. Ra1 Rh6 52. Bd3 Nf4 53. Rg1 Rg6 54. Bf1 Be7 55. h5
Nxh5 56. Bh3 g3 57. hxg3 Bxh3 58. Nxh3 Rh6 59. Kh2 Nf6 60. g4 Nxe4 0-1

[Event "European Rapid 2011"]
[Site "Warsaw POL"]
[Date "2011.12.18"]
[Round "11"]
[White "Durarbeyli, Vasif"]
[Black "Putka, Verner"]
[Result "1-0"]
[WhiteTitle "GM"]
[WhiteElo "2539"]
[BlackElo "2293"]
[WhiteFideId "13402935"]
[BlackFideId "11600659"]
[EventDate "2011.12.17"]

1. b3 c5 2. Bb2 b6 3. Nf3 Bb7 4. g3 e6 5. Bg2 Nf6 6. O-O Be7 7. d3 O-O 8. e4 d6
9. Nbd2 Nbd7 10. Re1 a6 11. a4 b5 12. Qe2 e5 13. Nh4 Re8 14. Nf1 Bf8 15. Ne3 Bc6
16. a5 Bb7 17. Rf1 Nb8 18. f4 Nc6 19. fxe5 dxe5 20. Qf2 Nd4 21. Kh1 Ra7 22. Nhf5
Ba8 23. h3 Re6 24. g4 g6 25. Ng3 Bh6 26. Bc1 Bg7 27. g5 Ne8 28. Ng4 Rc7 29. Be3
Nd6 30. Rab1 Re8 31. Nf6+ Bxf6 32. gxf6 Rc6 33. Nh5 Kh8 34. Ng7 Rg8 35. c3 Ne6
36. Nxe6 fxe6 37. f7 Rf8 38. Bxc5 Rxf7 39. Qe3 Kg8 40. b4 Rc8 41. Qh6 Rg7 42.
Rf2 Nf7 43. Qe3 Qh4 44. Rbf1 Bc6 45. Rf6 h5 46. Qf3 Ng5 47. Rf8+ Kh7 48. Qe3
Rxf8 49. Rxf8 Rf7 50. Rxf7+ Nxf7 51. Qf2 Qxf2 52. Bxf2 g5 53. Bg3 Kg6 54. Kg1
Kf6 55. Bf3 h4 56. Bf2 Nh8 57. Bb6 Kg6 58. Kf2 Bd7 59. Bd8 Nf7 60. Be7 Bc8 61.
Ke3 Bd7 62. c4 Nh6 63. Be2 Ng8 64. Bd6 Kf6 65. d4 bxc4 66. dxe5+ Kf7 67. Bxc4
Bc8 68. Kf3 Nh6 69. Bc5 Kg6 70. b5 axb5 71. Bxb5 Nf7 72. Bd4 Nh6 73. a6 Kf7 74.
Be3 Kg6 75. a7 Bb7 76. Be8+ Nf7 77. Bxf7+ Kxf7 78. Bxg5 Ba8 79. Bxh4 Kg6 80. Bf6
Kf7 81. h4 Kg6 82. Ke3 1-0

[Event "European Rapid 2011"]
[Site "Warsaw POL"]
[Date "2011.12.18"]
[Round "11"]
[White "Meskovs, Nikita"]
[Black "Kuzmicz, Krystian"]
[Result "1-0"]
[WhiteTitle "FM"]
[BlackTitle "IM"]
[WhiteElo "2292"]
[BlackElo "2451"]
[WhiteFideId "11602740"]
[BlackFideId "1119125"]
[EventDate "2011.12.17"]

1. d4 g6 2. c4 Bg7 3. Nf3 c6 4. Nc3 d6 5. h3 Nf6 6. e4 a6 7. a4 a5 8. Bg5 Na6 9.
Be2 Nb4 10. O-O Qc7 11. Qd2 h6 12. Be3 e5 13. c5 dxc5 14. dxe5 Nd7 15. e6 fxe6
16. Nh4 g5 17. Bh5+ Kf8 18. Ng6+ Kg8 19. Nxh8 Kxh8 20. f4 Nf6 21. Bg6 Qd7 22.
fxg5 Qxd2 23. Bxd2 hxg5 24. Bxg5 Nd7 25. Rad1 Nc2 26. Rd6 Bd4+ 27. Kh1 Kg7 28.
Be8 Nf6 29. Rd8 b6 30. Rxd4 Nxe8 31. Rd8 Bb7 32. Rd7+ Kg6 33. h4 Ba6 34. Rf8 Rc8
35. Rg8+ Kh5 36. Rh7+ Kg4 37. Be3+ 1-0